MARC

LEADER 00000nam0a2200000 4500
001 96011
005 20231031110338.0
020 |a RU  |b 86-78010 
035 |a (RuTPU)RU\TPU\book\102780 
090 |a 96011 
100 |a 20060505d1986 km a0rusy5003 ca 
101 0 |a rus 
102 |a RU 
105 |a a z 001zy 
200 1 |a Рудоносные коры выветривания  |f Б. М. Михайлов 
210 |a Ленинград  |c Недра  |c Ленингр. отд-ние  |d 1986 
215 |a 236,[2] с.  |c ил.  |d 22 см 
225 1 |a Принципы и методы оценки рудоносности геол. формаций 
320 |a Библиогр.: с. 233-236 (98 назв.) 
610 1 |a кора выветривания 
610 1 |a рудные месторождения 
610 1 |a геология 
610 1 |a гипергенез 
610 1 |a минерагения 
610 1 |a черные металлы 
610 1 |a цветные металлы 
610 1 |a редкие элементы 
610 1 |a золото 
610 1 |a уран 
610 1 |a неметаллические полезные ископаемые 
675 |a 553.068  |z rus 
700 1 |a Михайлов  |b Б. М.  |g Борис Михайлович  |4 070 
801 0 |a RU  |b RuMRKP  |c 19950704  |g psbo 
801 1 |a RU  |b 63413507  |c 20060505  |g PSBO 
801 2 |a RU  |b 63413507  |c 20150114  |g PSBO 
900 |a Выветривание и почвообразование 
942 |c BK